|
|
|
|
| LEADER |
01472nam a2200421 a 4500 |
| 001 |
000260485 |
| 003 |
CZ BrMZK |
| 005 |
20210430215626.0 |
| 007 |
ta |
| 008 |
980115s1997 xr e 0bcze d |
| 015 |
|
|
|a cnb000287249
|
| 020 |
|
|
|a 80-86094-12-X
|
| 035 |
|
|
|a (OCoLC)38973445
|
| 040 |
|
|
|a BOA001
|b cze
|
| 043 |
|
|
|a e-xr---
|
| 045 |
|
|
|a x3x9
|
| 072 |
|
7 |
|a 791/793
|x Divadlo, film, tanec (obecně)
|2 Konspekt
|9 3
|
| 072 |
|
7 |
|a 929
|x Biografie
|2 Konspekt
|9 8
|
| 080 |
|
|
|a 791/792.071.2
|2 MRF
|
| 080 |
|
|
|a 929
|2 MRF
|
| 080 |
|
|
|a (437.3)
|2 MRF
|
| 080 |
|
|
|a (092)
|2 MRF
|
| 100 |
1 |
|
|a Hořec, Petr,
|d 1926-2002
|7 jk01042316
|4 aut
|
| 245 |
1 |
0 |
|a Rozpomínky /
|c Petr Hořec, Milan Neděla
|
| 250 |
|
|
|a 1. vyd.
|
| 260 |
|
|
|a Praha :
|b Goldstein & Goldstein,
|c 1997
|
| 300 |
|
|
|a 139 s. ;
|c 21 cm
|b il. ;
|c 21 cm
|
| 500 |
|
|
|a Dostupné též v digitální podobě v aplikaci Kramerius
|
| 600 |
1 |
7 |
|a Neděla, Milan,
|d 1934-1997
|7 jn19990218074
|2 czenas
|
| 648 |
|
7 |
|a 20. století
|7 ch460558
|
| 648 |
|
7 |
|a 1934-1997
|
| 650 |
0 |
7 |
|a herci
|z Česko
|y 20. století
|7 ph117199
|2 czenas
|
| 655 |
|
7 |
|a biografie
|7 fd131909
|2 czenas
|
| 700 |
1 |
|
|a Neděla, Milan,
|d 1934-1997
|7 jn19990218074
|4 aut
|
| 856 |
4 |
1 |
|u http://www.digitalniknihovna.cz/mzk/uuid/uuid:0aa12dd0-28e0-11e7-9efd-005056827e52
|y Digitalizovaný dokument
|x NDK
|
| 910 |
|
|
|a BOA001
|b 2-1040.075
|
| 990 |
|
|
|a BK
|
| 996 |
6 |
|
|b 2610062810
|c 2-1040.075
|l MZK
|r Sklad / do 1 hodiny
|n 5
|p p.v.
|w 000260485
|u 000010
|a 1
|e BOA001
|j MZK50
|s P
|